Eusebi Güell i Bacigalupi : poder, catalanitat, cultura, art poder, catalanitat, cultura, art
Descripción Física:
1 punt de llibre : il. col. ; 20 x 6 cm
Idioma:
Catalán
MARC
| LEADER | 00000nrm a2200000 a 4500 | ||
|---|---|---|---|
| 001 | 25354 | ||
| 003 | Arxiu | ||
| 005 | 20260324181103.0 | ||
| 008 | 220429b spa||||| |||| 00| 0 cat d | ||
| 017 | |a DL B 5548-2020 | ||
| 040 | |a NBM-13-57 | ||
| 245 | |a Eusebi Güell i Bacigalupi : |b poder, catalanitat, cultura, art | ||
| 260 | |a Barcelona : |b Palau Güell, |c 2019 | ||
| 300 | |a 1 punt de llibre : |b il. col. ; |c 20 x 6 cm | ||
| 610 | 2 | 0 | |a Palau Güell (Barcelona) |9 17034 |
| 655 | 0 | |a Punts de llibre |9 52700 | |
| 710 | 2 | |a Palau Güell (Barcelona) |9 17034 | |
| 942 | |2 udc |c ARXIU |n 1 | ||
| 952 | |0 0 |1 0 |4 0 |6 NBM1357 |7 1 |9 61429 |a Arxiu |b Arxiu |d 2022-04-29 |l 0 |o NBM-13-57 |p 25354 |r 2022-04-29 00:00:00 |w 2022-04-29 |y ARXIU | ||
| 999 | |c 81382 |d 81382 | ||